书目信息 |
| 题名: |
海洋空间利用
|
|
| 作者: | 李杰 , 彦敏 编著 | |
| 分册: | ||
| 出版信息: | 北京 知识出版社 1999 |
|
| 页数: | 168页 | |
| 开本: | 20cm | |
| 丛书名: | 海洋的召唤丛书 | |
| 单 册: | ||
| 中图分类: | P75 | |
| 科图分类: | ||
| 主题词: | 海洋工程--hai yang gong cheng--普及读物 , 海洋工程--hai yang gong cheng | |
| 电子资源: | ||
| ISBN: | 7-5015-1843-2 | |
| 000 | 01061nam2 2200313 450 | |
| 001 | 073000000981 | |
| 005 | 20091021095905.27 | |
| 010 | @a7-5015-1843-2@dCNY13.50 | |
| 100 | @a20040131d 1999em y0chiy0110 ea | |
| 101 | 0 | @achi |
| 102 | @aCN@b110000 | |
| 105 | @aa z 000yy | |
| 200 | 1 | @a海洋空间利用@Ahai yang kong jian li yong@f李杰,彦敏编著 |
| 210 | @a北京@c知识出版社@d1999@h2004 | |
| 215 | @a168页@c图@d20cm | |
| 225 | 2 | @a海洋的召唤丛书 |
| 300 | 2 | @a@Ahai yang de shao huan cong shu |
| 330 | @a建立海上城市,拓展人类生存空间,已不再是人类的奇丽幻想,而已成为现实。如今,多姿金彩的海上家园、海上娱乐场、超级浮动平台、“海上浮动机场”……。 | |
| 410 | 0 | @12001 @a海洋的召唤丛书 |
| 461 | 0 | @12001 @a海洋的召唤丛书@1701 0@a黄彩虹@4主编 |
| 606 | 0 | @a海洋工程@Ahai yang gong cheng@j普及读物 |
| 606 | 0 | @a海洋工程@Ahai yang gong cheng |
| 690 | @aP75@v4 | |
| 701 | 0 | @a李杰@Ali jie@4编著 |
| 701 | 0 | @a彦敏@Ayan min@4编著 |
| 801 | 0 | @aCN@bNLC@c20091021 |
| 801 | 2 | @aCN@bHX@c20040131 |
| 905 | @aBZT@dP75@e2 | |
| 906 | @dCNY13.50@n0@r1 | |
| 海洋空间利用/李杰,彦敏编著.-北京:知识出版社,1999(2004) |
| 168页:图;20cm.-(海洋的召唤丛书) |
| ISBN 7-5015-1843-2:CNY13.50 |
| 建立海上城市,拓展人类生存空间,已不再是人类的奇丽幻想,而已成为现实。如今,多姿金彩的海上家园、海上娱乐场、超级浮动平台、“海上浮动机场”……。 |
| ● |
| 相关链接 |
|
|
|
正题名:海洋空间利用
索取号:P75/2
 
预约/预借
| 序号 | 登录号 | 条形码 | 馆藏地/架位号 | 状态 | 备注 |
| 1 | 415016 | 210445400 | 中心书库中库/ 中库041架B面1列3层4/ [索取号:P75/2] | 在馆 | |
| 2 | 415017 | 210445393 | 中心书库中库/ 中库041架B面1列3层11/ [索取号:P75/2] | 在馆 | |
| 3 | 415018 | 210445428 | 中心书库中库/ 中库041架B面1列3层8/ [索取号:P75/2] | 在馆 | |
| 4 | 415019 | 210445419 | 中心书库中库/ 中库041架B面1列3层9/ [索取号:P75/2] | 在馆 | |
| 5 | 415020 | 210445446 | 中心书库中库/ 中库041架B面1列3层3/ [索取号:P75/2] | 在馆 | |
| 6 | 415021 | 210445437 | 中心书库中库/ 中库041架B面1列3层6/ [索取号:P75/2] | 在馆 | |
| 7 | 415022 | 210445464 | 中心书库中库/ 中库041架B面1列3层5/ [索取号:P75/2] | 在馆 | |
| 8 | 415023 | 210445455 | 中心书库中库/ 中库041架B面1列3层10/ [索取号:P75/2] | 在馆 | |
| 9 | 415024 | 210445482 | 中心书库中库/ 中库041架B面1列3层7/ [索取号:P75/2] | 在馆 | |
| 10 | 415025 | 210445473 | 中心书库中库/ 中库041架B面1列3层12/ [索取号:P75/2] | 在馆 |